| 000 | 02273cam a2200433 a 4500 | ||
|---|---|---|---|
| 001 | 17478117 | ||
| 003 | OSt | ||
| 005 | 20250203135911.0 | ||
| 008 | 120928s2011 ke a b 100 0 eng c | ||
| 010 | _a 2012311945 | ||
| 020 | _a9966909842 | ||
| 020 | _a9789966909848 | ||
| 035 | _a(OCoLC)ocn781112040 | ||
| 040 |
_aCUY _cCUY _dOSU _dDLC |
||
| 042 |
_apcc _alcode |
||
| 043 | _af------ | ||
| 050 | 0 | 0 |
_aLA1503 _b.A393 2011 |
| 082 |
_a327.09 _bTEN |
||
| 245 | 0 | 0 |
_aAfrican universities : _beducating for peace : proceedings of an international conference held at the Catholic University of Eastern Africa, Nairobi-Kenya, 13th-15th May 2009 / _ceditor, John Tenamwenye ; manuscript editor, Sewe-K'Ahenda ; assistant editors, Richard Rwiza, Peter Mbaro. |
| 246 | 3 | 0 | _aProceedings of an international conference held at the Catholic University of Eastern Africa, Nairobi-Kenya, 13th-15th May 2009 |
| 260 |
_aNairobi, Kenya : _bCUEA Press, _cc2011. |
||
| 300 |
_axi, 310 p. : _bill. ; _c21 cm. |
||
| 500 | _a"'The African Universities: Educating for Peace' was the theme of a conference organized by the Centre for Social Justice and Ethics (CSJE) of The Catholic University of Eastern Africa between 13th and 15th May 2009"--P. [ix]. | ||
| 504 | _aIncludes bibliographical references. | ||
| 611 | 2 | 0 |
_aInternational Conference on African Universities: Educating for Peace _d(2009 : _cNairobi, Kenya) |
| 650 | 0 |
_aEducation, Higher _zAfrica _vCongresses. |
|
| 650 | 0 |
_aPeace _xStudy and teaching (Higher) _zAfrica _vCongresses. |
|
| 650 | 0 |
_aSustainable development _xStudy and teaching (Higher) _zAfrica _vCongresses. |
|
| 700 | 1 | _aTenamwenye, John Apolinari. | |
| 700 | 1 | _aAhenda, Sewe-K'. | |
| 700 | 1 |
_aRwiza, Richard N., _d1958- |
|
| 700 | 1 |
_aMbaro, Peter Wanyagi, _d1966- |
|
| 710 | 2 |
_aCatholic University of Eastern Africa. _bCentre for Social Justice and Ethics. |
|
| 711 | 2 |
_aInternational Conference on African Universities: Educating for Peace _d(2009 : _cNairobi, Kenya) |
|
| 856 | 4 | 1 |
_3Table of contents only _uhttp://www.loc.gov/catdir/toc/fy13pdf06/2012311945.html |
| 906 |
_a7 _bcbc _cpccadap _d3 _encip _f20 _gy-gencatlg |
||
| 942 |
_2ddc _cBK |
||
| 999 |
_c4085 _d4085 |
||